[Event "Lipetsk King's Gambit-A"]
[Site "Lipetsk"]
[Date "2010.06.27"]
[Round "5"]
[White "Airapetian, Gor"]
[Black "Gladyszev, Oleg"]
[Result "1/2-1/2"]
[WhiteElo "2429"]
[BlackElo "2480"]
[PlyCount "90"]
[EventDate "2010.06.23"]
[EventType "tourn"]
[EventRounds "9"]
[EventCountry "RUS"]
[EventCategory "9"]
[SourceTitle "CBM 137 Extra"]
[Source "ChessBase"]
[SourceDate "2010.09.01"]
[SourceVersion "1"]
[SourceVersionDate "2010.09.01"]
[SourceQuality "1"]

1. d4 Nf6 2. Nf3 g6 3. c4 Bg7 4. g3 0-0 5. Bg2 d6 6. Nc3 Nbd7 7. 0-0 c6 8. e4 e5 9. h3 Qb6 10. Re1 exd4 11. Nxd4 Ne8 12. Nb3 a5 13. Be3 Qb4 14. Nd4 a4 15. a3 Qa5 16. Qc2 Nef6 17. Rad1 Re8 18. f4 Nc5 19. Bf2 Nfd7 20. Bf1 Nb6 21. Kh2 Bd7 22. f5 Rad8 23. Nf3 Bc8 24. g4 Nbd7 25. Bh4 Ne5 26. Nd4 Rd7 27. Qg2 Ned3 28. Bxd3 Bxd4 29. Qd2 Nb3 30. Qh6 Bg7 31. Qe3 Bd4 32. Qh6 Bg7 33. Qe3 Bd4 34. Qf3 Bxc3 35. bxc3 Qxc3 36. Qf2 Nc5 37. Bb1 b6 38. Bg5 Ba6 39. Bc1 Qe5+ 40. Bf4 Qf6 41. Qd2 Bxc4 42. Bg5 Qe5+ 43. Bf4 Qf6 44. Bg5 Qe5+ 45. Bf4 Qf6 1/2-1/2

[Event "Lipetsk King's Gambit-A"]
[Site "Lipetsk"]
[Date "2010.06.26"]
[Round "4"]
[White "Gladyszev, Oleg"]
[Black "Neverov, Valeriy"]
[Result "1/2-1/2"]
[WhiteElo "2480"]
[BlackElo "2542"]
[PlyCount "25"]
[EventDate "2010.06.23"]
[EventType "tourn"]
[EventRounds "9"]
[EventCountry "RUS"]
[EventCategory "9"]
[SourceTitle "CBM 137 Extra"]
[Source "ChessBase"]
[SourceDate "2010.09.01"]
[SourceVersion "1"]
[SourceVersionDate "2010.09.01"]
[SourceQuality "1"]

1. d4 d5 2. c4 e6 3. Nc3 Be7 4. cxd5 exd5 5. Bf4 Nf6 6. e3 0-0 7. Bd3 c6 8. Qc2 Re8 9. Nf3 Nbd7 10. 0-0 Nf8 11. h3 Ng6 12. Bh2 Bd6 13. Bxd6 1/2-1/2